000 nam a22 7a 4500
999 _c8902
_d8902
005 20200318063701.0
008 200318b xxu||||| |||| 00| 0 eng d
020 _a9781499461756
_bhard bound
040 _beng
_cAPEC Schools Library
_erda
082 _aC 618.928527
_bL735d 2016
100 _aLin, Yoming S.
245 _aDefeating depression /
_cYoming S. Lin
264 _aNew York, NY :
_bRosen Publishing Group, Inc.,
_c©2016.
300 _a64 pages :
_bcolored illustrations ;
336 _2rdacontent
_atext
337 _2rdamedia
_aunmediated
338 _2rdacarrier
_avolume
504 _aIncludes bibliographical references and index.
650 _aDepression in children.
942 _2ddc
_cNFIC